| 000 | 01128nam a22003017a 4500 | ||
|---|---|---|---|
| 001 | 200440545 | ||
| 999 |
_c200440545 _d58757 |
||
| 003 | TR-AnTOB | ||
| 005 | 20241225165851.0 | ||
| 008 | 210428s2017 tu a 000 0 tur c | ||
| 040 |
_aTR-AnTOB _beng _cTR-AnTOB |
||
| 041 | _atur | ||
| 050 | 0 | 0 |
_aN7168.6 _b.B89 2017 |
| 090 |
_aN7168.6 _b.B89 2017 |
||
| 245 | 0 | 0 |
_aBüyük buluşma sergisi 2017 : _bAtatürk Üniversitesi Güzel Sanatlar Fakültesi Erzurum |
| 246 |
_aBüyük_buluşma_sergisi_2017 : _bGüzel_Sanatlar ve Tasarım Fakülteleri öğretim elemanları sergisi |
||
| 246 | _aBüyük buluşma 2017 | ||
| 264 | 1 |
_aErzurum : _bAtatürk Üniversitesi, _c2017 |
|
| 300 |
_a262 pages : _billustrations ; _c24 cm |
||
| 336 |
_astill image _2rdacontent _btxt |
||
| 336 |
_atext _btxt _2rdacontent |
||
| 337 |
_aunmediated _bn _2rdamedia |
||
| 338 |
_avolume _bnc _2rdacarrier |
||
| 500 | _aExhibitions of members of various Turkish university fine arts faculties. | ||
| 650 | 0 |
_aSanat, Türk _y21. yüzyıl _vSergiler _9103558 |
|
| 710 | 2 |
_993337 _aAtatürk Üniversitesi. _bGüzel Sanatlar Fakultesi |
|
| 942 |
_2lcc _cBK |
||